Очерк неустановленного лица "О поездке по Военно-Грузинской дороге"

Доступно только в Электронных читальных залах Найти на картеНа карте
RUSMARC
00003460nac2a22002411x 450
0019e4cf0ae-9479-4027-9f91-6a655a84e155
00520131029113720.0
100##$a20130605l1887 k y0rusy50 ca
1010#$arus
102##$aRU
105##$ay z |||c|
1220#$ad18870819
2001#$aОчерк неустановленного лица "О поездке по Военно-Грузинской дороге"
$j19 августа 1887
215##$a4 листа
251##$cДело
300##$aМашинопись
330##$aМатериалы, преподнесенные и посвященные А. Ф. Кони; Стихотворения и другие рукописные литературные произведения
461#0$10013a54f2e3-e9cf-409b-80fa-f0a9bd3c40cb
$12001
$aКони Анатолий Федорович, юрист, литератор, член академии наук, председатель Санкт-Петербургского окружного суда, член государственного совета
$1251
$cФонд
$1852
$j564
462#0$100178a475cd-a47d-4377-bff3-cee4b81de655
$12001
$aОпись дел фонда А. Ф. Кони за 1880-1931 гг.
$1251
$cОпись
$1852
$j1
600#1$aКони
$bА. Ф.
$f1844-1927
$gАнатолий Федорович
801#0$aRU
$bGA_RF
801#1$aRU
$bНПО Опыт
$c20130605
$2rusmarc
801#2$aRU
$bПБ им. Б.Н. Ельцина
$c20131029
$gRCR
$2rusmarc
852##$aГА РФ
$j4046
937##$d39773687
$hПБ
035##$aRuPRLIB51006608
Формат отображения